01260nam a2200265 a 4500003001000000005001700010007000300027008004100030020001800071040003000089043001200119082002300131110005000154245019200204250005700396300003600453336002700489337003300516338002800549610008800577650006000665700003600725700002800761776020500789CO-BoRNBP20241002114120.0ta081119s2007 ck gr 00010 spa d a9789588297354 aCO-BoBLA bspa cCO-BoBLA as-ck---04a303.6 bI57v1 2212 aInstituto Interamericano de Derechos Humanos.10aVerdad, justicia y reparación : batención integral a víctimas de violaciones graves a los derechos humanos, taller psicojurídico / cInstituto Interamericano de Derechos Humanos. aEditoras Lucrecia Molina Theissen, Helda Martínez. a183 p. ; c23 cm. + e1 CD-Rom. 2rdacontentatextobtxt 2rdamediaasin mediaciónbn 2rdacarrieravolumenbnc27aProvincia Mexicana del Santo Evangelio de México (Ciudad de México)z Colombia. 7aViolación de los derechos humanoszColombia.2BLAAUTO1 aMolina Theissen, Lucrecia,eed.1 aMartínez, Helda,eed.0 iEl CD-rom contiene el taller especializado sobre atención integral a víctimas de violaciones gravea a los derechos humanos en el litigio de casos (Bogotá, Colombia 16, 17 y 18 de Agosto de 2006)